| 000 | 00593 a2200181 4500 | ||
|---|---|---|---|
| 003 | Nust | ||
| 005 | 20170207153214.0 | ||
| 040 | _cNust | ||
| 082 | _a621.382 | ||
| 100 | _aMubarak, Muhammad (MSEE-11) | ||
| 245 |
_aDesign of 6 bit 1 GHz CMOS flash ADC using 0.18um technology _cMuhammad Mubarak |
||
| 260 |
_bMCS, NUST _c2009 _aRawalpinid |
||
| 300 | _axi,69 ,p.; | ||
| 505 | _aIntroduction (page-1) ADC architectures (page-7) High speed comparators (page-16) Design and implemation (page-34) Conclusion (page-58) | ||
| 538 | _aAlmirah No 69 Shelf No 2 | ||
| 650 | _aMS Thesis | ||
| 651 | _aMSEE-11 | ||
| 942 | _cTHS | ||
| 999 |
_c181531 _d181531 |
||